Make better use of property assets, councils told (Record no. 63518)

MARC details
000 -LEADER
fixed length control field 00894cam a2200229 4500
001 - CONTROL NUMBER
control field ABS62355
008 - FIXED-LENGTH DATA ELEMENTS--GENERAL INFORMATION
fixed length control field 000000n2000 000 0 eng u
035 ## - SYSTEM CONTROL NUMBER
System control number (Sirsi) u106046
100 ## - MAIN ENTRY--PERSONAL NAME
Personal name Oxtoby, H.
245 ## - TITLE STATEMENT
Title Make better use of property assets, councils told
260 ## - PUBLICATION, DISTRIBUTION, ETC.
Date of publication, distribution, etc. 2000
490 ## - SERIES STATEMENT
Series statement CSM
-- Chartered Surveyor Monthly
Volume/sequential designation May 2000, 20(1)
520 ## - SUMMARY, ETC.
Summary, etc. Discusses a study by the Audit Commission, "Hot property", which looks at the progress councils have made in managing their estates since 1988. The report contains many examples of authorities that achieve success and the DETR has suggested that it will reward such successes with enhanced capital allocations.
590 ## - LOCAL NOTE (RLIN)
Local note ABS
650 ## - SUBJECT ADDED ENTRY--TOPICAL TERM
Topical term or geographic name entry element LOCAL AUTHORITIES
650 ## - SUBJECT ADDED ENTRY--TOPICAL TERM
Topical term or geographic name entry element ASSET MANAGEMENT
650 ## - SUBJECT ADDED ENTRY--TOPICAL TERM
Topical term or geographic name entry element PROPERTY PORTFOLIOS
650 ## - SUBJECT ADDED ENTRY--TOPICAL TERM
Topical term or geographic name entry element BEST VALUE
690 ## - LOCAL SUBJECT ADDED ENTRY--TOPICAL TERM (OCLC, RLIN)
Topical term or geographic name as entry element LOCAL GOVERNMENT
700 ## - ADDED ENTRY--PERSONAL NAME
Personal name Dunne, V.
942 ## - ADDED ENTRY ELEMENTS (KOHA)
Suppress in OPAC 0
Holdings
Withdrawn status Lost status Source of classification or shelving scheme Damaged status Not for loan Home library Current library Shelving location Date acquired Total Checkouts Full call number Barcode Date last seen Copy number Price effective from Koha item type
    Dewey Decimal Classification     London London Journal article 22/05/2000   ABS62355 106046-1001 06/08/2019 1 06/08/2019 Journal article